000 00494ntaaa2200193 4500
003 01
005 20251027201724.0
008 0714s1973 ag 01
040 _aAR-BaBN
_bspa
_cAR-BaBN
_eaacr
_dRIC
082 _a234.2000 C85
100 _aCrawley, Sadie Tiller
245 _aA faith to live by
250 _a1 ed.
260 _aNashville :
_bSunday School Board of the Southern Baptist Convention,
_cc1948
300 _a100 p
500 _aFor juniors
650 _afe
_91848
942 _cBK
999 _c11886
_d11886